Gebelein : il villaggio e la necropoli /

محفوظ في:

المؤلف الرئيسي: Donadoni Roveri, Anna Maria (مؤلف)

مؤلفون آخرون: D'Amicone, Elvira., Leospo, Enrica.

التنسيق: كتاب

اللغة: Italian

منشور في: Torino : Artema, c1994.

سلاسل: Quaderni del Museo egizio. Serie Collezioni ; 1.

الموضوعات:

الوسوم: إضافة وسم

لا توجد وسوم, كن أول من يضع وسما على هذه التسجيلة!

رقم الطلب: DT73 .G42 D66

LEADER 00995nam a22002897a 4500
003 OSt
005 20251209072303.0
008 251209t1994 it ab g b 000 0 ita d
010 |a 94178582 
020 |a 8880520008 
040 |c ARCE Library 
043 |a f-ua--- 
050 1 4 |a DT73 .G42  |b D66 
100 1 |a Donadoni Roveri, Anna Maria,  |e author 
245 1 0 |a Gebelein :   |b il villaggio e la necropoli /   |c Anna Maria Donadoni Roveri, Elvira D'Amicone, Enrichetta Leospo. 
264 1 |a Torino :   |b Artema,   |c c1994. 
300 |a xvi, 82 pages :   |b illustrations (some color), maps ;   |c 25 cm. 
490 0 |a Quaderni del Museo egizio. Serie Collezioni ;   |v 1. 
504 |a Includes bibliographical references (p. 80). 
650 0 |a Excavations (Archaeology)  |z Egypt  |z Gebelein Site. 
650 0 |a Tombs  |z Egypt  |z Gebelein Site. 
651 0 |a Gebelein Site (Egypt)  |9 7668 
700 1 |a D'Amicone, Elvira. 
700 1 |a Leospo, Enrica.  |9 34670 
901 |a reviewed 
942 |c BK  |2 lcc 
999 |c 27908  |d 27908